International trade / (Record no. 51410)
[ view plain ]
| 000 -LEADER | |
|---|---|
| fixed length control field | 00736nam a2200241 a 4500 |
| 001 - CONTROL NUMBER | |
| control field | 51410 |
| 003 - CONTROL NUMBER IDENTIFIER | |
| rucl marc code | BD-RjUL |
| 005 - DATE AND TIME OF LATEST TRANSACTION | |
| control field | 20211209075645.0 |
| 008 - FIXED-LENGTH DATA ELEMENTS--GENERAL INFORMATION | |
| fixed length control field | 160830s1946 enk 000 0 eng c |
| 035 ## - SYSTEM CONTROL NUMBER | |
| System control number | (BD-RjUL)51530 |
| 040 ## - CATALOGING SOURCE | |
| Original cataloging agency | DLM |
| Transcribing agency | DLM |
| Modifying agency | MYG |
| -- | BD-RjUL |
| Language of cataloging | eng |
| 041 ## - LANGUAGE CODE | |
| Language code of text/sound track or separate title | eng |
| 082 ## - DEWEY DECIMAL CLASSIFICATION NUMBER | |
| Classification number | 380.1 |
| Edition number | 23 |
| Author mark and year | DUI 1946 |
| 100 1# - MAIN ENTRY--PERSONAL NAME | |
| Personal name | Duncan, G. A. |
| Fuller form of name | (George Alexander), |
| Dates associated with a name | 1902- |
| 9 (RLIN) | 153775 |
| 245 10 - TITLE STATEMENT | |
| Title | International trade / |
| Statement of responsibility, etc. | by G. A. Duncan. |
| 260 ## - PUBLICATION, DISTRIBUTION, ETC. (IMPRINT) | |
| Place of publication, distribution, etc. | London : |
| Name of publisher, distributor, etc. | Royal Institute of International Affairs, |
| Date of publication, distribution, etc. | 1946 |
| 300 ## - PHYSICAL DESCRIPTION | |
| Pagination | 59 p. ; |
| Size | 19 cm. |
| 490 1# - SERIES STATEMENT | |
| Series statement | "Looking forward" pamphlets ; |
| Volume/sequential designation | no. 7 |
| 650 #0 - SUBJECT ADDED ENTRY--TOPICAL TERM | |
| Topical term or geographic name as entry element | Commerce. |
| 9 (RLIN) | 153776 |
| 830 #0 - SERIES ADDED ENTRY--UNIFORM TITLE | |
| Uniform title | "Looking forward" pamphlets ; |
| Volume number/sequential designation | no. 7. |
| 942 ## - ADDED ENTRY ELEMENTS (KOHA) | |
| Source of classification or shelving scheme | Dewey Decimal Classification |
| Koha item type | Books |
| Lost status | Source of classification or shelving scheme | Damaged status | Not for loan | Collection code | Permanent Location | Current Location | Shelving location | Date acquired | Source of acquisition | Cost, normal purchase price | Total Checkouts | Full call number | Date last seen | Copy number | Koha item type |
|---|---|---|---|---|---|---|---|---|---|---|---|---|---|---|---|
| Dewey Decimal Classification | Non-fiction | Central Library, University of Rajshahi | Central Library, University of Rajshahi | 09/11/1961 | A.I.Qurishi | 51.00 | 380.1 DUI 1946 | 30/08/2016 | C-2 | Books |